000
00198 a2200097 4500
001
47028
100
_a
Holt E
245
_a
The World at War
260
_a
London
_b
Putnam
_c
090
_c
30096
_d
30096
942
_a
NUST-CAE
_c
M
_c
22332
999
_c
282101
_d
282101